Every University/College in Montgomery County PA - Statistics

General Stats
  • This quiz has been taken 3 times
  • The average score is 7 of 24
Answer Stats
Location Answer % Correct
Whitpain-Pottstown Montgomery County Community College
100%
Abington Township Penn State Abington
100%
Collegeville borough Ursinus College
100%
Cheltenham Township Arcadia University
67%
Bryn Athyn borough Bryn Athyn College of the New Church
67%
Lower Merion Township Harcum College
67%
Lower Merion Township Bryn Mawr College
33%
Melrose Park Gratz College
33%
Lower Gwynedd township Gwynedd Mercy University
33%
Upper Gwynedd township Lansdale School of Business
33%
Lower Merion Township Rosemont College
33%
Cheltenham township Westminster Theological Seminary
33%
Springfield township Antonelli College
0%
Upper Gwynedd township Calvary Baptist Theological Seminary
0%
Upper Dublin township DeVry University
0%
Abington township Manor College
0%
Lower Merion Township Palmer Theological Seminary
0%
Cheltenham township Princeton Information Technology Center Institute
0%
Cheltenham township Reconstructionist Rabbinical College
0%
Whitpain township Reformed Episcopal Seminary
0%
Cheltenham township Salus University
0%
Upper Dublin Township Temple University Ambler
0%
Upper Merion township The American College of Financial Services
0%
Cheltenham township Won Institute of Graduate Studies
0%
No matching quizzes found
Score Distribution
Percent of People with Each Score
Percentile by Number Answered
Your Score History
You have not taken this quiz